Poems /

Bibliographic Details
Main Author: Amelia, 1819-1852
Format: Microform Book
Language:English
Published: New York : D. Appleton, 1850.
Edition:A new enl. ed. /

MARC

Tag First Indicator Second Indicator Subfields
LEADER 00000cam a2200000 a 4500
001 in00001358708
005 20151006071712.0
007 hd afu---baca
008 850417s1850 nyua a 000 0 eng d
035 |a (OCoLC)11933650 
035 |9 AHH3834AM 
040 |a Research Publications  |c IBS  |d POF  |d UtOrBLW 
049 |a TXAI 
090 |a PS586  |b .A450 pt. 2, no. 2493 
099 |a film  |a B  |a 3870  |a  Segment II, no. 2493) 
100 0 |a Amelia,  |d 1819-1852. 
245 1 0 |a Poems /  |c by Amelia (Mrs. Welby of Kentucky). 
250 |a A new enl. ed. /  |b ill. with original designs by Robert Weir. 
264 1 |a New York :  |b D. Appleton,  |c 1850. 
300 |a 264 pages :  |b illustrations ;  |c 22 cm. 
336 |a text  |b txt  |2 rdacontent 
337 |a microform  |b h  |2 rdamedia 
338 |a microfilm reel  |b hd  |2 rdacarrier 
533 |a Microfilm.  |b New Haven, Conn. :  |c Research Publications,  |d 1975.  |e 1 microfilm reel ; 35 mm.  |f (American Poetry, 1609-1900 ; Segment II, no. 2493) 
539 |a s  |b 1975  |d ctu  |e n 
500 |a Microform. 
999 |a MARS 
999 f f |s 69ea6e39-d69c-3a19-8617-e985dd866906  |i f15b0e47-cd20-318e-8bcf-a82d6c3546ba  |t 0 
952 f f |p default  |a Texas A&M University  |b College Station  |c Sterling C. Evans Library  |d Evans: Microforms (3rd floor)  |t 0  |e film B 3870 Segment II, no. 2493  |h Other scheme  |i microform -- microfilm reel 
998 f f |a film B 3870 Segment II, no. 2493  |t 0  |l Evans: Microforms (3rd floor)